[Event "Mittelfranken-chTB2a 1819"]
[Site "Mittelfranken"]
[Date "2019.02.10"]
[Round "5.8"]
[White "Wang, Xiaoming Tim"]
[Black "Heinz, Manfred"]
[Result "0-1"]
[WhiteElo "1351"]
[BlackElo "1783"]
[PlyCount "50"]
[EventDate "2018.10.14"]
[EventType "team-tourn"]
[EventRounds "9"]
[EventCountry "GER"]
[SourceTitle "EXT 2022"]
[Source "ChessBase"]
[SourceDate "2021.10.06"]
[SourceVersion "1"]
[SourceVersionDate "2021.10.06"]
[SourceQuality "1"]
[WhiteTeam "Rothenburg II"]
[BlackTeam "Heilsbronn"]
[WhiteTeamCountry "GER"]
[BlackTeamCountry "GER"]

1. d4 Nf6 2. Bf4 g6 3. e3 Bg7 4. Nf3 0-0 5. h3 d5 6. c3 c5 7. Nbd2 Nc6 8. Bd3 Qb6 9. Rb1 Bd7 10. 0-0 Rac8 11. Ne5 Be6 12. Ndf3 Ne4 13. Qc2 cxd4 14. exd4 Nb4 15. Qe2 Nxd3 16. Nxd3 Qa6 17. a3 Bd7 18. Qd1 Ba4 19. Nb4 Bxd1 20. Nxa6 Be2 21. Nc7 Bxf1 22. Kxf1 e5 23. Nxe5 Rxc7 24. Nxg6 hxg6 25. Bxc7 Nd2+ 0-1

[Event "Mittelfranken-chTB2a 1819"]
[Site "Mittelfranken"]
[Date "2018.10.14"]
[Round "1.8"]
[White "Kiefer, Johannes"]
[Black "Heinz, Manfred"]
[Result "0-1"]
[WhiteElo "1783"]
[BlackElo "1783"]
[PlyCount "82"]
[EventDate "2018.10.14"]
[EventType "team-tourn"]
[EventRounds "9"]
[EventCountry "GER"]
[SourceTitle "EXT 2022"]
[Source "ChessBase"]
[SourceDate "2021.10.06"]
[SourceVersion "1"]
[SourceVersionDate "2021.10.06"]
[SourceQuality "1"]
[WhiteTeam "Ansbach/Bad Windsheim"]
[BlackTeam "Heilsbronn"]
[WhiteTeamCountry "GER"]
[BlackTeamCountry "GER"]

1. Nc3 d5 2. e4 c6 3. Nf3 Bg4 4. h3 Bxf3 5. Qxf3 e6 6. exd5 cxd5 7. Bb5+ Nc6 8. 0-0 Nf6 9. Ne2 Be7 10. d4 0-0 11. c3 Rc8 12. Ng3 Na5 13. Bd3 Nc4 14. Re1 a5 15. Re2 a4 16. b3 Nd6 17. Bg5 g6 18. Rc1 b5 19. Bh6 Re8 20. h4 axb3 21. axb3 b4 22. c4 dxc4 23. bxc4 Nf5 24. Nxf5 exf5 25. d5 Ng4 26. Bd2 Bxh4 27. g3 Rxe2 28. Bxe2 Bg5 29. Bxg5 Qxg5 30. Rd1 Ne5 31. Qb3 f4 32. Kg2 fxg3 33. fxg3 Ra8 34. Qxb4 Ra2 35. Qb8+ Kg7 36. Re1 Qe3 37. d6 Rxe2+ 38. Rxe2 Qxe2+ 39. Kh3 Qxc4 40. Qc7 Qf1+ 41. Kh4 g5+ 0-1

[Event "Mittelfranken-chTB2a 1314"]
[Site "Mittelfranken"]
[Date "2014.05.04"]
[Round "9.7"]
[White "Schilay, Eva"]
[Black "Heinz, Manfred"]
[Result "1/2-1/2"]
[WhiteElo "1628"]
[BlackElo "1728"]
[PlyCount "93"]
[EventDate "2013.10.20"]
[EventType "team-tourn"]
[EventRounds "9"]
[EventCountry "GER"]
[SourceTitle "EXT 2020"]
[Source "ChessBase"]
[SourceDate "2019.10.17"]
[SourceVersion "1"]
[SourceVersionDate "2019.10.17"]
[SourceQuality "1"]
[WhiteTeam "Neumarkt II"]
[BlackTeam "Heilsbronn"]
[WhiteTeamCountry "GER"]
[BlackTeamCountry "GER"]

1. Nc3 d5 2. e4 c6 3. exd5 cxd5 4. d4 Nf6 5. Bf4 Nc6 6. Bb5 Bg4 7. Qd2 e6 8. h3 Bh5 9. Bg5 Be7 10. Nge2 0-0 11. 0-0 Bg6 12. Ng3 Qb6 13. Bxc6 bxc6 14. Rab1 Rfe8 15. Rfe1 Rac8 16. Be3 Bd6 17. Nce2 Qa6 18. a3 Rb8 19. Nf4 Ne4 20. Nxe4 Bxe4 21. Nd3 Bxd3 22. Qxd3 Qxd3 23. cxd3 Rb3 24. Rec1 Reb8 25. Rxc6 Bxa3 26. Bf4 Re8 27. Ra6 Rxb2 28. Rxb2 Bxb2 29. Rxa7 Bxd4 30. Rb7 h6 31. Bg3 Ra8 32. Kf1 Ra2 33. Ke1 g5 34. Rc7 h5 35. h4 Bf6 36. hxg5 Bxg5 37. Be5 f6 38. Bd4 e5 39. Be3 Bxe3 40. fxe3 Rxg2 41. Rd7 h4 42. Rxd5 h3 43. Kf1 Rd2 44. Kg1 Kf7 45. d4 e4 46. Rh5 Rg2+ 47. Kf1 1/2-1/2

[Event "Mittelfranken-chTB2a 1213"]
[Site "Germany"]
[Date "2013.04.21"]
[Round "9.6"]
[White "Krenz, Marco"]
[Black "Heinz, Manfred"]
[Result "0-1"]
[WhiteElo "1260"]
[BlackElo "1831"]
[PlyCount "88"]
[EventDate "2012.10.07"]
[EventType "team-tourn"]
[EventRounds "9"]
[EventCountry "GER"]
[SourceTitle "EXT 2019"]
[Source "ChessBase"]
[SourceDate "2018.10.10"]
[SourceVersion "1"]
[SourceVersionDate "2018.10.10"]
[SourceQuality "1"]
[WhiteTeam "Bad Windsheim"]
[BlackTeam "Heilsbronn"]
[WhiteTeamCountry "GER"]
[BlackTeamCountry "GER"]

1. c3 d5 2. d3 e5 3. Qc2 Nf6 4. Bg5 Be7 5. Bxf6 Bxf6 6. e4 0-0 7. Nd2 c6 8. Ne2 Be6 9. f4 Bg4 10. f5 Nd7 11. 0-0-0 Bg5 12. h3 Bxe2 13. Bxe2 a5 14. Kb1 a4 15. g3 a3 16. b3 Qb6 17. h4 Be3 18. g4 Bf4 19. g5 Qe3 20. Nf1 Qf2 21. Bg4 Qxc2+ 22. Kxc2 dxe4 23. dxe4 Nc5 24. Bf3 Rfd8 25. Nd2 Bxd2 26. Rxd2 Rxd2+ 27. Kxd2 Rd8+ 28. Kc2 Kf8 29. b4 Na4 30. Rd1 Ra8 31. h5 Ke7 32. c4 Nb2 33. Rd2 Nxc4 34. Rd3 f6 35. gxf6+ gxf6 36. Kc3 b5 37. Be2 Rg8 38. Rh3 Nd6 39. Bf3 Rg1 40. Kb3 Rb1+ 41. Kc3 Rb2 42. Rh1 Rxa2 43. Kb3 Rb2+ 44. Kc3 Rf2 0-1

[Event "Mittelfranken-chTB2a 1213"]
[Site "Germany"]
[Date "2013.02.11"]
[Round "7.7"]
[White "Heinz, Manfred"]
[Black "Metzenroth, Dieter"]
[Result "0-1"]
[WhiteElo "1831"]
[BlackElo "1782"]
[PlyCount "82"]
[EventDate "2012.10.07"]
[EventType "team-tourn"]
[EventRounds "9"]
[EventCountry "GER"]
[SourceTitle "EXT 2019"]
[Source "ChessBase"]
[SourceDate "2018.10.10"]
[SourceVersion "1"]
[SourceVersionDate "2018.10.10"]
[SourceQuality "1"]
[WhiteTeam "Heilsbronn"]
[BlackTeam "Cadolzburg"]
[WhiteTeamCountry "GER"]
[BlackTeamCountry "GER"]

1. Nf3 g6 2. e4 Bg7 3. Bc4 c5 4. Nc3 Nc6 5. 0-0 e6 6. Nb5 d6 7. d4 a6 8. d5 axb5 9. Bxb5 Nge7 10. dxc6 bxc6 11. Be2 0-0 12. c3 d5 13. Qc2 Ba6 14. Bxa6 Rxa6 15. Rd1 Qa8 16. a3 c4 17. Be3 Ra5 18. Bd4 Rb8 19. Be5 Bxe5 20. Nxe5 Qb7 21. Rd2 Rb5 22. Rb1 Rb3 23. a4 Ra8 24. Ra1 Rb8 25. Ra2 f6 26. Nf3 e5 27. h4 Kg7 28. Re2 h5 29. Rd2 Qd7 30. a5 Qa7 31. Qd1 R8b5 32. a6 Rb6 33. exd5 cxd5 34. Qa1 Rd6 35. Ra5 Rbb6 36. Qa4 Rxa6 37. Rxa6 Rxa6 38. Qe8 Qb7 39. Qd8 Ra7 40. Qd6 Qc7 41. Qe6 Ra1+ 0-1

[Event "Mittelfranken-chTB1 1112"]
[Site "Germany"]
[Date "2012.02.26"]
[Round "7.8"]
[White "Ceglar, Michael"]
[Black "Heinz, Manfred"]
[Result "1-0"]
[WhiteElo "1850"]
[BlackElo "1831"]
[PlyCount "65"]
[EventDate "2011.09.25"]
[EventType "team-tourn"]
[EventRounds "9"]
[EventCountry "GER"]
[SourceTitle "EXT 2018"]
[Source "ChessBase"]
[SourceDate "2017.10.13"]
[SourceVersion "1"]
[SourceVersionDate "2017.10.13"]
[SourceQuality "1"]
[WhiteTeam "Postbauer Heng"]
[BlackTeam "Heilsbronn"]
[WhiteTeamCountry "GER"]
[BlackTeamCountry "GER"]

1. e4 c6 2. d4 d5 3. exd5 cxd5 4. Bd3 Nc6 5. c3 Nf6 6. Nf3 Bg4 7. 0-0 e6 8. Nbd2 Be7 9. Qb3 Qc7 10. h3 Bh5 11. Re1 0-0 12. Ne5 Nxe5 13. Rxe5 Bd6 14. Re1 Rac8 15. Nf1 a6 16. Bg5 Bg6 17. Bxf6 Bxd3 18. Qd1 Bg6 19. Be5 b5 20. Qg4 Bxe5 21. Rxe5 b4 22. Rc1 bxc3 23. Rxc3 Qa5 24. Rxc8 Rxc8 25. Rxe6 h5 26. Qe2 Rc2 27. Re8+ Kh7 28. Qe7 f6 29. Rd8 Rc7 30. Qf8 Bf7 31. Qh8+ Kg6 32. Ng3 Kg5 33. Qxg7+ 1-0

[Event "Mittelfranken-chTB2b 0910"]
[Site "Mittelfranken"]
[Date "2010.01.31"]
[Round "6.7"]
[White "Keller, Gerhard"]
[Black "Heinz, Manfred"]
[Result "0-1"]
[WhiteElo "1812"]
[BlackElo "1761"]
[PlyCount "64"]
[EventDate "2009.10.11"]
[EventType "team-tourn"]
[EventRounds "9"]
[EventCountry "GER"]
[SourceTitle "EXT 2011"]
[Source "ChessBase"]
[SourceDate "2010.11.26"]
[SourceVersion "1"]
[SourceVersionDate "2010.11.26"]
[SourceQuality "1"]
[WhiteTeam "Nuernberg Zabo"]
[BlackTeam "Heilsbronn"]
[WhiteTeamCountry "GER"]
[BlackTeamCountry "GER"]

1. Nf3 Nf6 2. c4 g6 3. g3 Bg7 4. Bg2 d6 5. d4 0-0 6. Nc3 c6 7. 0-0 Nbd7 8. e4 e5 9. d5 cxd5 10. cxd5 b6 11. b4 Bb7 12. Bg5 h6 13. Bd2 Qe7 14. Nh4 Rac8 15. Qe2 Rc7 16. Rfc1 Rfc8 17. Nd1 Qd8 18. Rxc7 Rxc7 19. Nc3 Qc8 20. Qf3 Ba6 21. Bf1 Bxf1 22. Kxf1 a6 23. Kg2 Rc4 24. Rb1 Nf8 25. h3 N8h7 26. Qd3 Ng5 27. f4 exf4 28. gxf4 Ngxe4 29. Nxe4 Nxe4 30. Be3 Rc2+ 31. Kf3 Qxh3+ 32. Kxe4 f5+ 0-1

[Event "Mittelfranken-chTB2b 0910"]
[Site "Mittelfranken"]
[Date "2009.10.11"]
[Round "1.8"]
[White "Appl, Rudolf"]
[Black "Heinz, Manfred"]
[Result "1/2-1/2"]
[WhiteElo "1621"]
[BlackElo "1761"]
[PlyCount "66"]
[EventDate "2009.10.11"]
[EventType "team-tourn"]
[EventRounds "9"]
[EventCountry "GER"]
[SourceTitle "EXT 2011"]
[Source "ChessBase"]
[SourceDate "2010.11.26"]
[SourceVersion "1"]
[SourceVersionDate "2010.11.26"]
[SourceQuality "1"]
[WhiteTeam "Neumarkt"]
[BlackTeam "Heilsbronn"]
[WhiteTeamCountry "GER"]
[BlackTeamCountry "GER"]

1. b3 d5 2. Bb2 e6 3. Nf3 Nf6 4. e3 Nbd7 5. c4 c6 6. Nc3 Bd6 7. Qc2 0-0 8. Rc1 Qe7 9. Be2 a6 10. 0-0 Ba3 11. cxd5 Bxb2 12. Qxb2 exd5 13. d4 Ne4 14. Bd3 f5 15. Qe2 Rf6 16. Nd2 Rh6 17. f3 Nxc3 18. Rxc3 Nf8 19. e4 Qb4 20. Rcc1 fxe4 21. fxe4 Qxd4+ 22. Kh1 Bd7 23. exd5 cxd5 24. Nf3 Qf4 25. Qe5 Rxh2+ 26. Kg1 Rh4 27. Qxd5+ Qf7 28. Qxf7+ Kxf7 29. Rc7 Rb4 30. Re1 Re8 31. Bc4+ Kf6 32. Rf1 Ke7 33. Ne5 Kd6 1/2-1/2

[Event "Mittelfranken-chTB2b 0809"]
[Site "Mittelfranken"]
[Date "2009.01.11"]
[Round "4.7"]
[White "Cipra, Uwe"]
[Black "Heinz, Manfred"]
[Result "1-0"]
[WhiteElo "1682"]
[BlackElo "1761"]
[PlyCount "79"]
[EventDate "2008.10.12"]
[EventType "team"]
[EventRounds "9"]
[EventCountry "GER"]
[SourceTitle "EXT 2011"]
[Source "ChessBase"]
[SourceDate "2010.11.26"]
[SourceVersion "1"]
[SourceVersionDate "2010.11.26"]
[SourceQuality "1"]
[WhiteTeam "Schwanstetten"]
[BlackTeam "Heilsbronn"]
[WhiteTeamCountry "GER"]
[BlackTeamCountry "GER"]

1. Nf3 Nf6 2. g3 d5 3. Bg2 Bf5 4. c4 e6 5. 0-0 Nbd7 6. d3 c6 7. a3 Be7 8. b4 0-0 9. Bb2 a5 10. b5 cxb5 11. cxb5 Rc8 12. Nbd2 Bg6 13. Ne5 Nxe5 14. Bxe5 Qb6 15. Qa4 Nd7 16. Bd4 Qd6 17. Qb3 Bf6 18. Bxf6 Nxf6 19. a4 Rc7 20. Qb2 Rfc8 21. Rac1 Kf8 22. Rxc7 Qxc7 23. Nb3 b6 24. Rc1 Qd8 25. Nd4 Rc7 26. Nc6 Qd6 27. Ra1 Nd7 28. d4 Ke8 29. f3 Nf6 30. Kf1 h5 31. Rc1 Bh7 32. Ne5 Nd7 33. Nc6 Nf6 34. Kf2 h4 35. Ne5 hxg3+ 36. hxg3 Rxc1 37. Qxc1 Nd7 38. Qc8+ Ke7 39. Nc6+ Kf6 40. Qd8+ 1-0

[Event "Mittelfranken-chTB2b 0809"]
[Site "Mittelfranken"]
[Date "2008.12.07"]
[Round "3.7"]
[White "Heinz, Manfred"]
[Black "Leis, Stefan"]
[Result "1-0"]
[WhiteElo "1761"]
[BlackElo "1736"]
[PlyCount "69"]
[EventDate "2008.10.12"]
[EventType "team"]
[EventRounds "9"]
[EventCountry "GER"]
[SourceTitle "EXT 2011"]
[Source "ChessBase"]
[SourceDate "2010.11.26"]
[SourceVersion "1"]
[SourceVersionDate "2010.11.26"]
[SourceQuality "1"]
[WhiteTeam "Heilsbronn"]
[BlackTeam "Muehlhof/Schwabach"]
[WhiteTeamCountry "GER"]
[BlackTeamCountry "GER"]

1. Nf3 g6 2. d4 Bg7 3. Bg5 Nf6 4. Nbd2 c5 5. e3 0-0 6. Bd3 Qb6 7. Rb1 Nc6 8. 0-0 d6 9. c3 a5 10. Nc4 Qa7 11. a4 Be6 12. Qe2 h6 13. Bxf6 Bxf6 14. Nfd2 Bg7 15. f4 f5 16. Qf3 d5 17. Ne5 Nxe5 18. fxe5 b6 19. Qg3 Bf7 20. h4 e6 21. Rf2 Qe7 22. Rbf1 Kh7 23. Nf3 Rab8 24. c4 Qd7 25. h5 g5 26. Nxg5+ hxg5 27. Rxf5 Kh8 28. Rxg5 Bh6 29. Rf6 Bg6 30. Rgxg6 Rxf6 31. Rxf6 Qg7 32. Rg6 Qf8 33. Rxe6 Qg7 34. Qxg7+ Kxg7 35. Rg6+ 1-0

[Event "Mittelfranken-chTB2b 0809"]
[Site "Mittelfranken"]
[Date "2008.10.26"]
[Round "2.7"]
[White "Schlor, Michael"]
[Black "Heinz, Manfred"]
[Result "1/2-1/2"]
[WhiteElo "1844"]
[BlackElo "1761"]
[PlyCount "77"]
[EventDate "2008.10.12"]
[EventType "team"]
[EventRounds "9"]
[EventCountry "GER"]
[SourceTitle "EXT 2011"]
[Source "ChessBase"]
[SourceDate "2010.11.26"]
[SourceVersion "1"]
[SourceVersionDate "2010.11.26"]
[SourceQuality "1"]
[WhiteTeam "Neumarkt"]
[BlackTeam "Heilsbronn"]
[WhiteTeamCountry "GER"]
[BlackTeamCountry "GER"]

1. e4 g6 2. d4 Bg7 3. c3 d6 4. f4 Nf6 5. Bd3 0-0 6. Nf3 Nbd7 7. e5 Nd5 8. 0-0 c5 9. Be4 N5b6 10. Qe1 cxd4 11. cxd4 Re8 12. Nc3 Nf8 13. h3 Ne6 14. g4 dxe5 15. fxe5 Qd7 16. d5 Nd8 17. Qh4 Qc7 18. Ng5 h6 19. Nxf7 Nxf7 20. Rxf7 Kxf7 21. Bxh6 Rh8 22. Bxg6+ Kg8 23. Qf2 Bf5 24. Bf7+ Kxf7 25. Qxf5+ Kg8 26. Bxg7 Kxg7 27. Qg5+ Kf8 28. Rf1+ Ke8 29. d6 Qc5+ 30. Kh2 exd6 31. Qg6+ Kd8 32. Qf6+ Kc7 33. Nb5+ Qxb5 34. Qxd6+ Kc8 35. Rc1+ Qc6 36. Rxc6+ bxc6 37. Qxc6+ Kd8 38. Qd6+ Kc8 39. Qc6+ 1/2-1/2

[Event "Mittelfranken-chTB2b 0809"]
[Site "Mittelfranken"]
[Date "2008.10.12"]
[Round "1.7"]
[White "Heinz, Manfred"]
[Black "Reichert, Romuald"]
[Result "0-1"]
[WhiteElo "1761"]
[BlackElo "1736"]
[PlyCount "118"]
[EventDate "2008.10.12"]
[EventType "team"]
[EventRounds "9"]
[EventCountry "GER"]
[SourceTitle "EXT 2011"]
[Source "ChessBase"]
[SourceDate "2010.11.26"]
[SourceVersion "1"]
[SourceVersionDate "2010.11.26"]
[SourceQuality "1"]
[WhiteTeam "Heilsbronn"]
[BlackTeam "Gunzenhausen/Weissenburg II"]
[WhiteTeamCountry "GER"]
[BlackTeamCountry "GER"]

1. Nf3 g6 2. d4 Bg7 3. Bg5 d6 4. Nbd2 Nd7 5. e3 c5 6. c3 Ngf6 7. Bd3 a6 8. a4 b6 9. 0-0 Bb7 10. Qe2 d5 11. b4 c4 12. Bc2 h6 13. Bf4 Nh5 14. Ne5 Nxe5 15. Bxe5 Bxe5 16. dxe5 e6 17. f4 Ng7 18. Nf3 Qe7 19. g4 Bc6 20. Nd4 Bb7 21. Qf2 h5 22. f5 exf5 23. gxf5 gxf5 24. Qg3 0-0-0 25. Bxf5+ Ne6 26. Qh3 Kb8 27. Bxe6 Rhg8+ 28. Kh1 fxe6 29. Rf6 Qh7 30. Qf3 Rde8 31. Rd1 h4 32. Rf7 Qg6 33. b5 a5 34. h3 Rc8 35. Rf1 Rc7 36. Rf6 Qg3 37. Rxe6 Rf7 38. Qxg3 Rxf1+ 39. Kg2 Rxg3+ 40. Kxf1 Rxe3 41. Kg2 Rxc3 42. Rh6 Rd3 43. e6 Re3 44. Rxh4 c3 45. Rh8+ Bc8 46. e7 c2 47. Nxc2 Rxe7 48. Nd4 Kc7 49. Rh4 Bd7 50. Kg3 Re3+ 51. Nf3 Kd6 52. Rf4 Kc5 53. h4 d4 54. Kf2 Rd3 55. Ke2 Rb3 56. Nxd4 Rb4 57. Ke3 Rxa4 58. Nb3+ Kxb5 59. h5 Ra3 0-1

[Event "Mittelfrankenliga-B2b 0708"]
[Site "Mittelfranken"]
[Date "2008.02.17"]
[Round "6.7"]
[White "Heinz, Manfred"]
[Black "Ceglar, Michael"]
[Result "1/2-1/2"]
[WhiteElo "1752"]
[BlackElo "1864"]
[PlyCount "64"]
[EventDate "2007.10.14"]
[EventType "team-tourn"]
[EventRounds "9"]
[EventCountry "GER"]
[SourceTitle "EXT 2011"]
[Source "ChessBase"]
[SourceDate "2010.11.26"]
[SourceVersion "1"]
[SourceVersionDate "2010.11.26"]
[SourceQuality "1"]
[WhiteTeam "Heilsbronn"]
[BlackTeam "Postbauer II"]
[WhiteTeamCountry "GER"]
[BlackTeamCountry "GER"]

1. Nf3 d5 2. c4 c6 3. d4 Nf6 4. Nc3 e6 5. e3 Be7 6. Bd3 0-0 7. 0-0 Nbd7 8. Qc2 Re8 9. Ng5 g6 10. e4 dxc4 11. Bxc4 Nb6 12. Bb3 Qxd4 13. Be3 Qe5 14. Nf3 Qh5 15. Rad1 Nbd7 16. Bf4 Bf8 17. Bd6 Bg7 18. Ne2 Ng4 19. Ng3 Qh6 20. h3 Nge5 21. Nd4 Qh4 22. Nge2 g5 23. f4 gxf4 24. Rxf4 Qg5 25. Rdf1 c5 26. Nb5 c4 27. Bxc4 Nxc4 28. Qxc4 Nb6 29. Qb3 Rd8 30. Rxf7 Rxd6 31. R7f5 Qe7 32. Rf7 Qg5 1/2-1/2

[Event "Mittelfrankenliga-B2b 0607"]
[Site "Mittelfranken"]
[Date "2007.02.11"]
[Round "6.7"]
[White "Kordts, Florian"]
[Black "Heinz, Manfred"]
[Result "1/2-1/2"]
[WhiteElo "1817"]
[BlackElo "1755"]
[PlyCount "48"]
[EventDate "2006.10.22"]
[EventType "team-tourn"]
[EventRounds "9"]
[EventCountry "GER"]
[SourceTitle "EXT 2011"]
[Source "ChessBase"]
[SourceDate "2010.11.26"]
[SourceVersion "1"]
[SourceVersionDate "2010.11.26"]
[SourceQuality "1"]
[WhiteTeam "Postbauer II"]
[BlackTeam "Heilsbronn"]
[WhiteTeamCountry "GER"]
[BlackTeamCountry "GER"]

1. c4 Nf6 2. Nc3 g6 3. g3 d6 4. Bg2 Bg7 5. Nf3 0-0 6. 0-0 e5 7. d3 c6 8. Rb1 Nh5 9. b4 f5 10. Bb2 Nd7 11. Qb3 Rb8 12. Nd2 f4 13. Nce4 fxg3 14. hxg3 Ndf6 15. c5+ d5 16. Nd6 Qe7 17. Nxc8 Rbxc8 18. Bh3 Rcd8 19. Nf3 e4 20. Ng5 e3 21. Ne6 exf2+ 22. Rxf2 Nxg3 23. Nxf8 Nxe2+ 24. Kf1 Ng3+ 1/2-1/2

[Event "Mittelfrankenliga-B2b 0607"]
[Site "Mittelfranken"]
[Date "2007.01.28"]
[Round "5.7"]
[White "Heinz, Manfred"]
[Black "Ruderer, Thomas"]
[Result "1/2-1/2"]
[WhiteElo "1755"]
[BlackElo "1719"]
[PlyCount "97"]
[EventDate "2006.10.22"]
[EventType "team-tourn"]
[EventRounds "9"]
[EventCountry "GER"]
[SourceTitle "EXT 2011"]
[Source "ChessBase"]
[SourceDate "2010.11.26"]
[SourceVersion "1"]
[SourceVersionDate "2010.11.26"]
[SourceQuality "1"]
[WhiteTeam "Heilsbronn"]
[BlackTeam "Heideck/Hilpoltstein"]
[WhiteTeamCountry "GER"]
[BlackTeamCountry "GER"]

1. Nf3 d5 2. c4 e6 3. e3 Nf6 4. Nc3 Be7 5. Be2 dxc4 6. Bxc4 0-0 7. 0-0 b6 8. Qe2 Bb7 9. d4 c5 10. Rd1 Qc8 11. e4 cxd4 12. Nxd4 Nc6 13. Bg5 Ne5 14. Bb3 Ba6 15. Ncb5 Qb7 16. Nxe6 fxe6 17. Bxe6+ Kh8 18. f4 Bc5+ 19. Kh1 Nxe4 20. Bd5 Nf2+ 21. Qxf2 Ng4 22. Qxc5 bxc5 23. Bxb7 Bxb7 24. Rd2 h6 25. Be7 Rxf4 26. Bxc5 a5 27. Nd6 Ba6 28. h3 Ne5 29. Re1 Nd3 30. Be3 Rf6 31. Ne4 Re6 32. Rxd3 Bxd3 33. Nc5 Rd6 34. Rd1 Re8 35. Bg1 Rd5 36. Rxd3 Rxd3 37. Nxd3 Rd8 38. Nc5 Rd2 39. Na4 Re2 40. Bc5 Kg8 41. a3 Kf7 42. b4 Ke6 43. Kh2 g6 44. Kg3 Rd2 45. Nb6 Rd3+ 46. Kf2 Rxa3 47. bxa5 Rxa5 48. Be3 h5 49. Nc4 1/2-1/2

[Event "Nuremberg-ch op 06th"]
[Site "Nuremberg"]
[Date "2006.06.03"]
[Round "3.21"]
[White "Heinz, Manfred"]
[Black "Barnickel, Josef"]
[Result "1/2-1/2"]
[WhiteElo "1754"]
[BlackElo "1904"]
[PlyCount "125"]
[EventDate "2006.06.02"]
[EventType "swiss"]
[EventRounds "5"]
[EventCountry "GER"]
[SourceTitle "EXT 2007"]
[Source "ChessBase"]
[SourceDate "2006.11.23"]
[SourceVersion "1"]
[SourceVersionDate "2006.11.23"]
[SourceQuality "1"]

1. Nf3 Nf6 2. d4 g6 3. Bg5 Bg7 4. Nbd2 c5 5. e3 cxd4 6. exd4 0-0 7. Bd3 d6 8. 0-0 Nc6 9. c3 h6 10. Bh4 Rb8 11. Qe2 Re8 12. Rfe1 a6 13. Rad1 b5 14. Ne4 Nd5 15. Qd2 f5 16. Ng3 g5 17. Nxg5 hxg5 18. Qxg5 e6 19. Qh5 Nf4 20. Bxd8 Nxh5 21. Bc7 Nxg3 22. hxg3 Rb7 23. Bxd6 Rd8 24. Bf4 Kf7 25. Be2 Ne7 26. Bh5+ Kf8 27. Bg5 Rd6 28. Bf4 Rc6 29. Bf3 Nd5 30. Be5 Bh6 31. Re2 b4 32. cxb4 Rxb4 33. Rde1 Bd7 34. g4 f4 35. Kh2 Rbc4 36. g3 fxg3+ 37. Kxg3 Rc1 38. Rxc1 Rxc1 39. Bd6+ Kg8 40. Kg2 Nf4+ 41. Bxf4 Bxf4 42. Bb7 a5 43. Kf3 Bd6 44. Be4 Rd1 45. Ke3 Be7 46. Rc2 Bf6 47. Bc6 Rxd4 48. Bxd7 Rxd7 49. Rc6 Kf7 50. Ra6 Rd5 51. b3 Bb2 52. f4 Ba3 53. Ke4 Rc5 54. Ra7+ Ke8 55. Ra8+ Kd7 56. Ra7+ Kd6 57. Ra6+ Rc6 58. Rxa5 Bc1 59. f5 exf5+ 60. Rxf5 Ke6 61. Rh5 Ra6 62. a4 Rb6 63. Rb5 1/2-1/2